The Budhopur report : (Record no. 74308)

MARC details
000 -LEADER
fixed length control field 00920cam a2200229 a 4500
001 - CONTROL NUMBER
control field sa 67004206
003 - CONTROL NUMBER IDENTIFIER
control field DLC
005 - DATE AND TIME OF LATEST TRANSACTION
control field 20260227112344.0
008 - FIXED-LENGTH DATA ELEMENTS--GENERAL INFORMATION
fixed length control field 781121s1962 pk abf 000 0 eng
010 ## - LIBRARY OF CONGRESS CONTROL NUMBER
LC control number sa 67004206
025 ## - OVERSEAS ACQUISITION NUMBER
Overseas acquisition number PL480:P-E-1121
035 ## - SYSTEM CONTROL NUMBER
System control number (OCoLC)4390627
040 ## - CATALOGING SOURCE
Original cataloging agency DLC
Transcribing agency DLC
043 ## - GEOGRAPHIC AREA CODE
Geographic area code a-pk---
050 00 - LIBRARY OF CONGRESS CALL NUMBER
Classification number HN690.5.B83
Item number C36 1962
110 2# - MAIN ENTRY--CORPORATE NAME
Corporate name or jurisdiction name as entry element Cambridge University Asian Expedition.
245 14 - TITLE STATEMENT
Title The Budhopur report :
Remainder of title a study of the forces of tradition and change in a Punjabi village in the Gujranwala District, West Pakistan /
Statement of responsibility, etc. by the members of the Cambridge University Asian Expedition.
260 ## - PUBLICATION, DISTRIBUTION, ETC.
Place of publication, distribution, etc. Lahore :
Name of publisher, distributor, etc. Social Sciences Research Centre, University of the Panjab,
Date of publication, distribution, etc. 1962.
300 ## - PHYSICAL DESCRIPTION
Extent ix, 82 p., [13] leaves of plates :
Other physical details ill., maps ;
Dimensions 28 cm.
651 #0 - SUBJECT ADDED ENTRY--GEOGRAPHIC NAME
Geographic name Budhopur (Pakistan)
General subdivision Social conditions.
710 2# - ADDED ENTRY--CORPORATE NAME
Corporate name or jurisdiction name as entry element University of the Punjab.
Subordinate unit Social Sciences Research Centre.

No items available.

Powered by Koha